Перелом. Опыт прочтения несекретных документов

Bibliografiske detaljer
Hovedforfatter: Лацис О. Р. Отто Рудольфович
Sprog:russisk
Udgivet: Москва, Политиздат, 1990
Fag:
Format: Bog
KOHA link:https://koha.lib.tpu.ru/cgi-bin/koha/opac-detail.pl?biblionumber=18636

MARC

LEADER 00000nam0a2200000 4500
001 18636
005 20260225071557.0
010 |a 5250011128 
035 |a (RuTPU)RU\TPU\book\18786 
035 |a BOOK00018855 
090 |a 18636 
100 |a 20011209d1990 km y0rusy50 ca 
101 0 |a rus 
102 |a RU 
105 |a y z 000zb 
200 1 |a Перелом. Опыт прочтения несекретных документов  |f О. Р. Лацис 
210 |a Москва  |c Политиздат  |d 1990 
215 |a 397 с. 
600 1 |a Сталин  |b И. В.  |c российский политический и государственный деятель  |c Генеральный секретарь ЦК КПСС  |c настоящая фамилия Джугашвилли  |c псевдоним Коба  |f 1878-1953  |g Иосиф Виссарионович  |9 477 
600 1 |a Бухарин  |b Н. И.  |c российский политический деятель  |c академик АН СССР  |f 1888-1938  |g Николай Иванович  |9 6 
600 1 |a Каменев  |b Л. Б.  |c настоящая фамилия Розенфельд  |c российский политический деятель  |f 1883-1936  |g Лев Борисович  |9 3212 
600 1 |a Зиновьев  |b Г. Е.  |c настоящая фамилия Радомысльский  |c российский политический деятель  |f 1883-1936  |g Григорий Евсеевич  |9 3257 
600 1 |a Дзержинский  |b Ф. Э.  |c российский политический и государственный деятель  |f 1877-1926  |g Феликс Эдмундович  |9 192 
600 1 |a Орджоникидзе  |b Г. К. (С.)  |c российский политический и государственный деятель  |f 1886-1937  |g Григорий Константинович (Серго)  |9 3379 
606 |7 ca  |8 rus  |a Россия  |x История  |z 20 в. - ...  |9 83439 
610 1 |a политика 
610 1 |a КПСС 
610 1 |a СССР 
610 1 |a культ личности 
686 |a Ф61(2)271  |2 rubbk 
686 |a Т3(2)6  |2 rubbk 
700 1 |a Лацис  |b О. Р.  |g Отто Рудольфович 
801 0 |a RU  |b 63413507  |c 20011209  |g PSBO 
801 2 |a RU  |b 63413507  |c 20130926  |g PSBO 
942 |c BK